[Event "Turkish League 2012"]
[Site "?"]
[Date "2012.07.16"]
[Round "6"]
[White "Polgar, Judit"]
[Black "Ipatov, Alexander"]
[Result "1/2-1/2"]
[WhiteElo "2709"]
[BlackElo "2581"]
[PlyCount "59"]
[EventDate "2012.??.??"]

1. e4 c6 2. Nc3 d5 3. Nf3 a6 4. d4 Bg4 5. Be2 e6 6. O-O Nd7 7. h3 Bh5 8. a3
dxe4 9. Nxe4 Ngf6 10. Nxf6+ Nxf6 11. c4 Bd6 12. Ne5 Bxe5 13. dxe5 Qxd1 14. Bxd1
Bxd1 15. Rxd1 Nd7 16. f4 O-O-O 17. Be3 Kc7 18. b3 a5 19. c5 b6 20. b4 axb4 21.
axb4 Ra8 22. Rac1 bxc5 23. Bxc5 Nxc5 24. bxc5 Ra2 25. Rd6 Rha8 26. Rcd1 Ra1 27.
Rd7+ Kc8 28. Rd8+ Kc7 29. R8d7+ Kc8 30. Rd8+ 1/2-1/2

[Event "Dortmund Sparkassen"]
[Site "?"]
[Date "2012.07.16"]
[Round "4"]
[White "Fridman, Daniel"]
[Black "Meier, Georg"]
[Result "1/2-1/2"]
[WhiteElo "2655"]
[BlackElo "2644"]
[PlyCount "64"]
[EventDate "2012.??.??"]

1. d4 Nf6 2. c4 e6 3. Nc3 Bb4 4. Nf3 c5 5. g3 Nc6 6. Bg2 d5 7. cxd5 Nxd5 8. Bd2
cxd4 9. Nxd4 Nxd4 10. Nxd5 Bxd2+ 11. Qxd2 e5 12. Nc3 O-O 13. Rd1 Bf5 14. e3
Nc2+ 15. Kf1 Nb4 16. a3 Nc6 17. Qxd8 Rfxd8 18. Ke2 Kf8 19. Bd5 Rac8 20. Rd2 Ne7
21. Bf3 Rxd2+ 22. Kxd2 Rd8+ 23. Kc1 b6 24. Rd1 Rxd1+ 25. Kxd1 Nc8 26. Bd5 Nd6
27. Kd2 Ke7 28. f3 h6 29. b3 Bd7 30. Kd3 f6 31. Kd2 Nb5 32. Nxb5 Bxb5 1/2-1/2

[Event "Dortmund Sparkassen"]
[Site "?"]
[Date "2012.07.16"]
[Round "4"]
[White "Gustafsson, Jan"]
[Black "Bartel, Mateusz"]
[Result "1/2-1/2"]
[WhiteElo "2629"]
[BlackElo "2674"]
[PlyCount "69"]
[EventDate "2012.??.??"]

1. d4 d5 2. c4 c6 3. Nf3 Nf6 4. Nc3 e6 5. e3 a6 6. Qc2 c5 7. cxd5 exd5 8. Be2
Be6 9. O-O Nc6 10. Rd1 cxd4 11. Nxd4 Nxd4 12. Rxd4 Bc5 13. Rd1 Qe7 14. Bf3 O-O
15. Nxd5 Nxd5 16. Bxd5 Bxd5 17. Rxd5 Rac8 18. Bd2 Bxe3 19. Bc3 Bb6 20. Qf5 Qe6
21. Qf3 Rfe8 22. g3 Qe2 23. Kg2 Qxf3+ 24. Kxf3 Re7 25. Rad1 f6 26. Rd7 Rc7 27.
Rxc7 Rxc7 28. Rd8+ Kf7 29. Bd4 Bxd4 30. Rxd4 Ke6 31. Ke3 Rc2 32. Rb4 b5 33. a4
bxa4 34. Rxa4 Rxb2 35. Rxa6+ 1/2-1/2

[Event "Dortmund Sparkassen"]
[Site "?"]
[Date "2012.07.16"]
[Round "4"]
[White "Leko, Peter"]
[Black "Caruana, Fabiano"]
[Result "1/2-1/2"]
[WhiteElo "2730"]
[BlackElo "2775"]
[PlyCount "84"]
[EventDate "2012.??.??"]

1. e4 e6 2. d4 d5 3. Nc3 Bb4 4. e5 c5 5. a3 Bxc3+ 6. bxc3 Ne7 7. Qg4 cxd4 8.
Qxg7 Rg8 9. Qxh7 Qc7 10. Ne2 Nbc6 11. f4 dxc3 12. Qd3 d4 13. Nxd4 Nxd4 14. Qxd4
Bd7 15. Rg1 Nf5 16. Qf2 Qc6 17. Bd3 Qd5 18. Rb1 Bc6 19. Rb3 O-O-O 20. Rxc3 Kb8
21. g4 Nd4 22. Rg3 Qh1+ 23. Bf1 b6 24. Bb2 Be4 25. a4 Rd5 26. Ba3 Rc8 27. Bd6+
Kb7 28. Rxc8 Nf3+ 29. Ke2 Rd2+ 30. Ke3 Kxc8 31. Rg1 Nxg1 32. Kxd2 Nf3+ 33. Kc3
Nxh2 34. Be2 Qa1+ 35. Kd2 Qh1 36. Qg3 Nf1+ 37. Bxf1 Qxf1 38. Qe3 Qg2+ 39. Qe2
Qxe2+ 40. Kxe2 Bxc2 41. a5 bxa5 42. Kd2 Bg6 1/2-1/2

[Event "Dortmund Sparkassen"]
[Site "?"]
[Date "2012.07.16"]
[Round "4"]
[White "Naiditsch, Arkadij"]
[Black "Kramnik, Vladimir"]
[Result "1/2-1/2"]
[WhiteElo "2700"]
[BlackElo "2799"]
[PlyCount "47"]
[EventDate "2012.??.??"]

1. e4 e5 2. Nf3 Nf6 3. d4 Nxe4 4. Bd3 d5 5. Nxe5 Nd7 6. Nxd7 Bxd7 7. O-O Bd6 8.
Nc3 Qh4 9. g3 Nxc3 10. bxc3 Qg4 11. Re1+ Kf8 12. Be2 Qg6 13. c4 dxc4 14. Bxc4
h5 15. Qf3 h4 16. Qxb7 Re8 17. Rxe8+ Bxe8 18. Bd3 Qh5 19. Qe4 hxg3 20. hxg3
Qd1+ 21. Bf1 Qh5 22. Bd3 Qd1+ 23. Bf1 Qh5 24. Bd3 1/2-1/2

[Event "Dortmund Sparkassen"]
[Site "?"]
[Date "2012.07.16"]
[Round "4"]
[White "Ponomariov, Ruslan"]
[Black "Karjakin, Sergey"]
[Result "1/2-1/2"]
[WhiteElo "2726"]
[BlackElo "2779"]
[PlyCount "92"]
[EventDate "2012.??.??"]

1. e4 e5 2. Nf3 Nc6 3. Bb5 Nf6 4. O-O Nxe4 5. Re1 Nd6 6. Nxe5 Be7 7. Bf1 Nxe5
8. Rxe5 O-O 9. Nc3 Bf6 10. Re1 c6 11. d4 Nf5 12. d5 d6 13. Ne4 Be7 14. c3 Nh4
15. g3 Ng6 16. f4 f5 17. Nf2 c5 18. Bd2 Bf6 19. Qc2 Ne7 20. c4 Kh8 21. a4 Bd7
22. Bd3 Qc7 23. Kg2 Rae8 24. Nh3 b6 25. Bc3 Bxc3 26. Qxc3 Ng8 27. Ng5 Nf6 28.
b3 h6 29. Nf3 Kh7 30. h3 Qd8 31. Ra2 Rxe1 32. Qxe1 Re8 33. Re2 Rxe2+ 34. Qxe2
g6 35. Nd2 Kg7 36. Nb1 Kf7 37. Nc3 Nh5 38. Qe3 Qf6 39. Be2 Ng7 40. Kf2 g5 41.
Bf3 g4 42. Bg2 h5 43. h4 a5 44. Ke1 Qe7 45. Qxe7+ Kxe7 46. Bf1 Kf6 1/2-1/2

[Event "Turkish League 2012"]
[Site "?"]
[Date "2012.07.16"]
[Round "7"]
[White "Durarbayli, Vasif"]
[Black "Mamedyarov, Shakriyar"]
[Result "1/2-1/2"]
[WhiteElo "2576"]
[BlackElo "2726"]
[PlyCount "64"]
[EventDate "2012.??.??"]

1. e4 e5 2. Nf3 Nc6 3. Bb5 a6 4. Ba4 Nf6 5. O-O Be7 6. d3 d6 7. c3 Bg4 8. h3
Bh5 9. Re1 Qd7 10. Nbd2 g5 11. Nf1 g4 12. hxg4 Bxg4 13. d4 b5 14. Bb3 exd4 15.
cxd4 Bxf3 16. Qxf3 Nxd4 17. Qd3 c5 18. Ng3 Rg8 19. a4 Ng4 20. axb5 Ne5 21. Qd1
Nxb3 22. Qxb3 c4 23. Qa4 Bh4 24. bxa6 Bxg3 25. fxg3 Rxg3 26. Bf4 Rb3 27. Bxe5
Qxa4 28. Rxa4 dxe5 29. Rea1 Rxb2 30. Rxc4 Rb6 31. a7 Rb7 32. Rca4 f6 1/2-1/2

[Event "Turkish League 2012"]
[Site "?"]
[Date "2012.07.16"]
[Round "7"]
[White "Malakhov, Vladimir"]
[Black "Deviatkin, Andrei"]
[Result "1/2-1/2"]
[WhiteElo "2712"]
[BlackElo "2590"]
[PlyCount "92"]
[EventDate "2012.??.??"]

1. c4 c6 2. Nf3 d5 3. e3 Nf6 4. d4 Bf5 5. Nc3 e6 6. Nh4 Bg6 7. Nxg6 hxg6 8. Bd3
Nbd7 9. O-O Bd6 10. h3 O-O 11. Qc2 e5 12. cxd5 cxd5 13. Qb3 e4 14. Be2 Nb6 15.
Bd2 Rc8 16. Rfc1 Bb8 17. a4 Nc4 18. Bxc4 Rxc4 19. Qxb7 Qd6 20. Kf1 Rc7 21. Qb3
Qh2 22. Nxd5 Rxc1+ 23. Rxc1 Qh1+ 24. Ke2 Qxg2 25. Nxf6+ gxf6 26. Be1 Qxh3 27.
Kd2 Bd6 28. Kc2 Rb8 29. Qd5 Qf1 30. Kb1 Ba3 31. Bc3 Qxf2 32. Rc2 Qxe3 33. Qc6
Qf4 34. d5 Bd6 35. Bd4 e3 36. Bxa7 Rd8 37. Bb6 Rb8 38. Bxe3 Qf1+ 39. Ka2 Be5
40. Ba7 Rd8 41. Bb6 Rd6 42. Qc8+ Kh7 43. Bc7 Ra6 44. Qe8 Qd3 45. Qxf7+ Kh6 46.
Qf8+ Kh7 1/2-1/2

[Event "Turkish League 2012"]
[Site "?"]
[Date "2012.07.16"]
[Round "7"]
[White "Shimanov, Aleksandr"]
[Black "Adams, Michael"]
[Result "0-1"]
[WhiteElo "2606"]
[BlackElo "2723"]
[PlyCount "74"]
[EventDate "2012.??.??"]

1. c4 e5 2. g3 Nf6 3. Bg2 c6 4. d4 Bb4+ 5. Bd2 Bxd2+ 6. Qxd2 d6 7. Nc3 O-O 8.
e4 Nbd7 9. Nge2 a6 10. d5 cxd5 11. exd5 Qa5 12. O-O b5 13. cxb5 axb5 14. b4
Qxb4 15. Rfb1 Qa5 16. Rxb5 Qc7 17. Rb2 Ba6 18. Nb5 Bxb5 19. Rxb5 Nc5 20. Nc3
Rfb8 21. Rab1 Rxb5 22. Rxb5 g6 23. Rb4 Qa5 24. Rb5 Qa3 25. Rb6 Kg7 26. h3 Nfd7
27. Rxd6 Nb3 28. Rxg6+ hxg6 29. axb3 Qxb3 30. Ne4 Ra2 31. Qc1 Rc2 32. Qd1 Qc4
33. Qf3 Qxd5 34. g4 Ra2 35. g5 Qc4 36. Qd1 Nc5 37. Qg4 Qc1+ 0-1

[Event "Macedonian League"]
[Site "Struga, hotel"]
[Date "2012.07.16"]
[Round "1"]
[White "Andreikin, Dmitry"]
[Black "Chatalbashev, Boris"]
[Result "1-0"]
[WhiteElo "2700"]
[BlackElo "2550"]
[PlyCount "121"]
[EventDate "2012.07.16"]
[EventType "team"]
[EventRounds "7"]
[WhiteTeam "ALKALOID, Skopje"]
[BlackTeam "GAMBIT ASEKO-SEE,Skopje"]

1. e4 g6 2. d4 Bg7 3. c4 c5 4. d5 d6 5. Nc3 e6 6. Bd3 Nf6 7. Nf3 O-O 8. h3 Na6
9. O-O Nc7 10. Re1 Re8 11. dxe6 Nxe6 12. Bc2 a6 13. Be3 Rb8 14. a4 b6 15. Qd2
Nd7 16. Qxd6 Nd4 17. Bxd4 cxd4 18. Nd5 Bb7 19. Rad1 Ne5 20. Qxd8 Nxf3+ 21. gxf3
Rexd8 22. Bd3 a5 23. Bf1 g5 24. h4 gxh4 25. f4 Kf8 26. Bg2 Bxd5 27. cxd5 b5 28.
e5 h3 29. Bf3 bxa4 30. Rxd4 Rxb2 31. Rxa4 Rb4 32. Rxb4 axb4 33. f5 Re8 34. e6
fxe6 35. fxe6 Ke7 36. Bd1 Bd4 37. Re4 Bc5 38. Rh4 Kd6 39. Rxh7 Kxd5 40. Bb3+
Ke5 41. Rh5+ Kd6 42. Rxh3 Rf8 43. Rd3+ Kc7 44. Rd7+ Kb6 45. Rd2 Rf3 46. Bd5 Rc3
47. Kg2 b3 48. Be4 Rc4 49. Kf3 Ka5 50. Bg6 Bb4 51. Rd5+ Ka4 52. Rd7 Rc6 53. Bf5
Rc5 54. Ra7+ Ra5 55. Rxa5+ Kxa5 56. Kg4 Kb5 57. Kg5 Be7+ 58. Kg6 Kc5 59. f4 Kd4
60. Kf7 Bh4 61. Bb1 1-0

[Event "Macedonian League"]
[Site "Struga, hotel"]
[Date "2012.07.16"]
[Round "1"]
[White "Arnaudov, G  Petar"]
[Black "Volokitin, Andrei"]
[Result "0-1"]
[WhiteElo "2486"]
[BlackElo "2704"]
[PlyCount "58"]
[EventDate "2012.07.16"]
[EventType "team"]
[EventRounds "7"]
[WhiteTeam "GAMBIT ASEKO-SEE,Skopje"]
[BlackTeam "ALKALOID, Skopje"]

1. d4 Nf6 2. c4 g6 3. Nc3 d5 4. Nf3 Bg7 5. Qb3 dxc4 6. Qxc4 O-O 7. e4 a6 8. e5
b5 9. Qb3 Nfd7 10. Be2 c5 11. e6 fxe6 12. Qxe6+ Kh8 13. dxc5 Nxc5 14. Qe3 b4
15. Qxc5 bxc3 16. bxc3 Nd7 17. Qa3 Bb7 18. Be3 Qc8 19. Rd1 Bxf3 20. Bxf3 Rxf3
21. gxf3 Ne5 22. Qxe7 h5 23. f4 Qxc3+ 24. Kf1 Qc4+ 25. Kg1 Kh7 26. Qb7 Qe2 27.
Qd5 Nf3+ 28. Kg2 Nh4+ 29. Kg1 Re8 0-1

[Event "Dortmund Sparkassen"]
[Site "?"]
[Date "2012.07.17"]
[Round "5"]
[White "Bartel, Mateusz"]
[Black "Naiditsch, Arkadij"]
[Result "0-1"]
[WhiteElo "2674"]
[BlackElo "2700"]
[PlyCount "220"]
[EventDate "2012.??.??"]

1. e4 e5 2. Nf3 Nc6 3. Bb5 Nf6 4. d3 d6 5. h3 Be7 6. Nc3 O-O 7. O-O Nd4 8. Nxd4
exd4 9. Ne2 c5 10. c3 a6 11. Ba4 dxc3 12. bxc3 c4 13. Bc2 cxd3 14. Qxd3 Qa5 15.
Nd4 Bd7 16. f4 Rfc8 17. Bd2 d5 18. e5 Ne4 19. Rae1 Bc5 20. Rxe4 Bf5 21. Bb3
Bxe4 22. Qe3 b5 23. f5 Re8 24. f6 g6 25. Qh6 Bf8 26. Qf4 Qc7 27. e6 Qxf4 28.
Rxf4 Rxe6 29. Nxe6 fxe6 30. Rxe4 dxe4 31. Bxe6+ Kh8 32. Be3 h5 33. Bd4 Rd8 34.
Kf2 b4 35. Ke2 Kh7 36. Bb3 bxc3 37. Bxc3 Rd3 38. Bd2 Rg3 39. Kf2 h4 40. Bc4 Bh6
41. Bb4 Rg5 42. f7 e3+ 43. Ke1 Rf5 44. Be6 Rf2 45. a3 Bg7 46. Bc4 a5 47. Be7
Bc3+ 48. Kd1 Rd2+ 49. Ke1 Rxg2+ 50. Kd1 Rd2+ 51. Ke1 Rf2+ 52. Kd1 e2+ 53. Bxe2
Rxf7 54. Bxh4 Rd7+ 55. Kc1 Rc7 56. Kd1 Bb2 57. a4 Ba3 58. Bb5 Bb4 59. Ke2 Rc3
60. Bd7 Kh6 61. Bf6 Rc2+ 62. Kf3 Be1 63. Bd4 Kh5 64. Bg4+ Kg5 65. Bd7 Rc4 66.
Be5 Rb4 67. Bd6 Rb3+ 68. Ke4 Bb4 69. Bc7 Kh4 70. Bd8+ g5 71. Bb6 Be1 72. Be3
Rb7 73. Bb5 Rf7 74. Bc4 Rf8 75. Bb5 Bb4 76. Bd7 Rf7 77. Bg4 Be1 78. Kd3 Re7 79.
Bc5 Rb7 80. Ke2 Bg3 81. Be3 Rb2+ 82. Kf3 Rb3 83. Ke2 Rb4 84. Bd7 Bf4 85. Bf2+
Kh5 86. Be8+ Kh6 87. Kf3 Kg7 88. Bd7 Bc7 89. Be1 Rf4+ 90. Ke3 Rf7 91. Bc3+ Kf8
92. Bg4 Ke7 93. Kd3 Rf4 94. Bd4 Kd6 95. Bd1 Rf1 96. Be2 Rh1 97. Bg4 Bd8 98. Kc2
Rf1 99. Kd3 Kd5 100. Bc3 Kc5 101. Be2 Rb1 102. Bg4 Rb3 103. Kd2 Ra3 104. Bd7
Kd6 105. Bb5 Ra2+ 106. Ke3 Rh2 107. Bf1 Kd5 108. Bd2 g4 109. h4 Bb6+ 110. Kd3
g3 0-1

[Event "Dortmund Sparkassen"]
[Site "?"]
[Date "2012.07.17"]
[Round "5"]
[White "Caruana, Fabiano"]
[Black "Gustafsson, Jan"]
[Result "1-0"]
[WhiteElo "2775"]
[BlackElo "2629"]
[PlyCount "69"]
[EventDate "2012.??.??"]

1. e4 e5 2. Nf3 Nc6 3. Bb5 a6 4. Ba4 Nf6 5. O-O Be7 6. d3 d6 7. c3 O-O 8. Re1
b5 9. Bc2 d5 10. Nbd2 dxe4 11. dxe4 Be6 12. Qe2 Bc5 13. b4 Ba7 14. a4 Nh5 15.
Nf1 Bc4 16. Qd1 Qf6 17. Bg5 Qg6 18. Ne3 Bxe3 19. Bxe3 Rad8 20. Qc1 Rfe8 21.
axb5 axb5 22. Ra6 Rd6 23. h3 Nd4 24. Nxe5 Nf3+ 25. Nxf3 Rxa6 26. e5 Qc6 27. Nd4
Qa8 28. g4 Rxe5 29. gxh5 Rxh5 30. Bf4 g6 31. Qe3 Ra1 32. Bd1 c5 33. bxc5 Rxc5
34. Bh6 Rc8 35. Nf5 1-0

[Event "Dortmund Sparkassen"]
[Site "?"]
[Date "2012.07.17"]
[Round "5"]
[White "Karjakin, Sergey"]
[Black "Fridman, Daniel"]
[Result "1-0"]
[WhiteElo "2779"]
[BlackElo "2655"]
[PlyCount "91"]
[EventDate "2012.??.??"]

1. e4 c6 2. d4 d5 3. e5 Bf5 4. Nf3 e6 5. Be2 c5 6. Be3 Qb6 7. Nc3 Nc6 8. O-O
Qxb2 9. Qe1 cxd4 10. Bxd4 Nxd4 11. Nxd4 Bb4 12. Ndb5 Ba5 13. Rb1 Qxc2 14. Rb3
Ne7 15. Nd6+ Kf8 16. Nxb7 Bb6 17. Nd6 Ba5 18. Bf3 Bd3 19. Qc1 Qxc1 20. Rxc1 Ng6
21. Nxd5 Nxe5 22. Nf4 Nxf3+ 23. gxf3 Bg6 24. Rb7 Bb6 25. Rc8+ Rxc8 26. Nxc8 Bd4
27. Rb8 Be5 28. Ra8 Bxf4 29. Nxa7+ Ke7 30. Rxh8 Kd7 31. Nb5 Be5 32. a4 Kc6 33.
Nc3 Bc2 34. a5 Bg6 35. Ne4 Kb5 36. Ra8 h6 37. Kg2 f5 38. Nd2 Bd6 39. a6 Bf4 40.
Nc4 Bh5 41. a7 Ka6 42. Na5 Bc7 43. Rc8 Kxa7 44. Rxc7+ Kb6 45. Rxg7 Kxa5 46. Rh7
1-0

[Event "Dortmund Sparkassen"]
[Site "?"]
[Date "2012.07.17"]
[Round "5"]
[White "Kramnik, Vladimir"]
[Black "Ponomariov, Ruslan"]
[Result "1/2-1/2"]
[WhiteElo "2799"]
[BlackElo "2726"]
[PlyCount "73"]
[EventDate "2012.??.??"]

1. d4 d5 2. c4 dxc4 3. Nf3 Nf6 4. e3 e6 5. Bxc4 c5 6. O-O a6 7. dxc5 Bxc5 8.
Qe2 Nc6 9. e4 b5 10. Bb3 Bb7 11. Nc3 Nd4 12. Nxd4 Bxd4 13. e5 Nd5 14. Nxd5 Bxd5
15. Rd1 Bxb3 16. axb3 Qb6 17. Bd2 O-O 18. Ba5 Qa7 19. Rd2 f6 20. exf6 Rxf6 21.
Rxd4 Qxd4 22. Bc3 Qf4 23. Bxf6 Qxf6 24. Rc1 Qf5 25. h3 Qd5 26. Qe3 h6 27. b4
Rf8 28. f3 Rd8 29. Kh1 Kh8 30. Re1 Qd4 31. Qc3 Qxc3 32. bxc3 Rd3 33. Rxe6 Rxc3
34. Rxa6 Rc4 35. Rb6 Rxb4 36. f4 Rxf4 37. Rxb5 1/2-1/2

[Event "Dortmund Sparkassen"]
[Site "?"]
[Date "2012.07.17"]
[Round "5"]
[White "Meier, Georg"]
[Black "Leko, Peter"]
[Result "1/2-1/2"]
[WhiteElo "2644"]
[BlackElo "2730"]
[PlyCount "47"]
[EventDate "2012.??.??"]

1. d4 Nf6 2. c4 e6 3. g3 d5 4. Nf3 Be7 5. Bg2 O-O 6. O-O dxc4 7. Ne5 Nc6 8.
Bxc6 bxc6 9. Nxc6 Qe8 10. Nxe7+ Qxe7 11. Qa4 e5 12. dxe5 Qxe5 13. Qxc4 Be6 14.
Qc2 Bf5 15. Qd2 Bh3 16. Re1 Rad8 17. Qc3 Qd5 18. f3 Rfe8 19. Na3 Qb7 20. Qb3
Qa6 21. Qb5 Qe6 22. Qb3 Qa6 23. Qb5 Qe6 24. Qb3 1/2-1/2

[Event "Turkish League 2012"]
[Site "?"]
[Date "2012.07.18"]
[Round "8"]
[White "Bologan, Viktor"]
[Black "Solak, Dragan"]
[Result "1-0"]
[WhiteElo "2732"]
[BlackElo "2589"]
[PlyCount "161"]
[EventDate "2012.??.??"]

1. d4 Nf6 2. c4 g6 3. Nc3 Bg7 4. e4 d6 5. Nge2 O-O 6. Ng3 c5 7. d5 e6 8. Be2
exd5 9. cxd5 a6 10. a4 h5 11. Bg5 Qb6 12. Qd2 Nh7 13. a5 Qc7 14. Bh4 b5 15.
axb6 Qxb6 16. O-O Nd7 17. f4 Rb8 18. Ra2 Re8 19. f5 Qb4 20. Kh1 Qd4 21. Qf4 Ne5
22. h3 Kh8 23. Rd1 Qb4 24. f6 Bf8 25. Nf1 c4 26. Nd2 Qc5 27. Bf2 Qc7 28. Bd4
Rb4 29. Rf1 Bd7 30. Qe3 Qd8 31. Bxe5 dxe5 32. Nxc4 Qc7 33. d6 Qb7 34. Nd5 Rb3
35. Qd2 Rg3 36. Nc7 Qxe4 37. Rf3 Rxf3 38. gxf3 Qh4 39. Bf1 Ng5 40. Nxe8 Nxh3
41. b3 Kh7 42. Qh2 Bh6 43. Bxh3 Bf4 44. Qf2 Qxh3+ 45. Kg1 Bxe8 46. Rxa6 Bg3 47.
Qe2 Bf4 48. Ra7 Qg3+ 49. Kf1 Bd7 50. Qf2 Qh3+ 51. Kg1 Be6 52. Re7 e4 53. d7
exf3 54. d8=Q Qg4+ 55. Kf1 Qh3+ 56. Ke1 Qh1+ 57. Qf1 Bg3+ 58. Kd2 Qxf1 59. Rxe6
fxe6 60. Qe7+ Kh6 61. f7 Qe2+ 62. Kc1 Qe1+ 63. Kc2 Qe4+ 64. Kc3 Qe1+ 65. Nd2
Qe5+ 66. Kc2 Qf5+ 67. Kd1 Bd6 68. Qxd6 Qxf7 69. Qd3 f2 70. Ke2 g5 71. b4 h4 72.
b5 Qc7 73. Qe3 Kh5 74. b6 Qd7 75. Kxf2 g4 76. Qe5+ Kg6 77. Ne4 Qd3 78. Qf6+ Kh7
79. Ng5+ Kg8 80. Qf7+ Kh8 81. Qf8# 1-0

[Event "Turkish League 2012"]
[Site "?"]
[Date "2012.07.18"]
[Round "8"]
[White "Mamedyarov, Shakhriyar"]
[Black "Inarkiev, Ernesto"]
[Result "1-0"]
[WhiteElo "2726"]
[BlackElo "2707"]
[PlyCount "115"]
[EventDate "2012.??.??"]

1. d4 d5 2. c4 c6 3. Nc3 Nf6 4. e3 e6 5. Nf3 Nbd7 6. Bd3 dxc4 7. Bxc4 b5 8. Bd3
Bd6 9. Bd2 Bb7 10. Rc1 Rc8 11. O-O O-O 12. a3 a5 13. e4 e5 14. dxe5 Nxe5 15.
Nxe5 Bxe5 16. Qe2 Re8 17. f3 Qd6 18. f4 Rcd8 19. fxe5 Qxd3 20. exf6 Qxe2 21.
Nxe2 Rxd2 22. Ng3 Rxb2 23. fxg7 c5 24. Rf4 Kxg7 25. Rxc5 Rc8 26. Rg5+ Kf8 27.
h4 h6 28. Rgf5 Rc7 29. Rf6 b4 30. axb4 a4 31. Nf5 Rc6 32. Nd6 Rxd6 33. Rxd6 a3
34. Rd7 a2 35. Rfxf7+ Kg8 36. Rg7+ Kh8 37. Rh7+ Kg8 38. Rdg7+ Kf8 39. Rxb7
a1=Q+ 40. Kh2 Rxg2+ 41. Kxg2 Qb2+ 42. Kf3 Qf6+ 43. Ke2 Qb2+ 44. Kd3 Qb3+ 45.
Kd4 Qb2+ 46. Kd5 Qb3+ 47. Kd6 Qg3+ 48. Kd7 Qh3+ 49. Kc7 Qc3+ 50. Kb8 Qe5+ 51.
Ka8 Qa1+ 52. Kb8 Qe5+ 53. Rhc7 Qh2 54. b5 Ke8 55. Ka8 Kd8 56. b6 Qa2+ 57. Ra7
Qe2 58. Rc8+ 1-0

[Event "Turkish League 2012"]
[Site "?"]
[Date "2012.07.18"]
[Round "8"]
[White "Polgar, Judit"]
[Black "Tiviakov, Sergei"]
[Result "1/2-1/2"]
[WhiteElo "2709"]
[BlackElo "2675"]
[PlyCount "94"]
[EventDate "2012.??.??"]

1. e4 e6 2. d4 d5 3. Nc3 dxe4 4. Nxe4 Nd7 5. Nf3 Ngf6 6. Bd3 c5 7. Nxf6+ Nxf6
8. Be3 Qc7 9. Qe2 Be7 10. O-O-O O-O 11. Kb1 b6 12. dxc5 bxc5 13. Bg5 Rb8 14. c4
Rd8 15. Rd2 Bb7 16. Rhd1 h6 17. Bh4 Bxf3 18. Qxf3 Rd4 19. Bg3 Bd6 20. Bc2 Bxg3
21. Qxg3 Qb6 22. b3 Rxd2 23. Rxd2 Rd8 24. Rxd8+ Qxd8 25. Qe5 Qb6 26. h3 Kf8 27.
Qg3 Nd7 28. Qd3 Qc7 29. Qc3 Qh2 30. Qf3 Ke7 31. a3 Qg1+ 32. Kb2 a5 33. Qg3 g6
34. Qh4+ Nf6 35. g4 Qe1 36. Qxh6 Qxf2 37. Qg5 Qd4+ 38. Kb1 e5 39. Qh4 Qe3 40.
g5 Nh5 41. Qg4 Nf4 42. Qc8 Ne2 43. Qc7+ Kf8 44. Qd8+ Kg7 45. Qf6+ Kg8 46. Qd8+
Kg7 47. Qf6+ Kg8 1/2-1/2

[Event "Turkish League 2012"]
[Site "?"]
[Date "2012.07.18"]
[Round "8"]
[White "Mchedlishvili, Mikheil"]
[Black "Malakov, Vladimir"]
[Result "1/2-1/2"]
[WhiteElo "2656"]
[BlackElo "2712"]
[PlyCount "145"]
[EventDate "2012.??.??"]

1. Nf3 d5 2. c4 c6 3. d4 Nf6 4. e3 Bf5 5. Nc3 e6 6. Nh4 Bg6 7. Qb3 Qc7 8. Nxg6
hxg6 9. g3 Nbd7 10. Bg2 Be7 11. O-O Nb6 12. cxd5 exd5 13. Bd2 Nc4 14. Rad1 Qb6
15. Na4 Qxb3 16. axb3 Nxd2 17. Rxd2 g5 18. Ra1 O-O-O 19. Nc3 Kb8 20. h3 Bb4 21.
Rc2 Ne8 22. Bf1 f5 23. Kg2 Nf6 24. Bd3 g6 25. Rh1 Rdf8 26. Ne2 Rf7 27. Rcc1 Bd6
28. g4 Ne8 29. Ng1 Rhf8 30. Rf1 Ng7 31. Nf3 Ne6 32. h4 gxh4 33. Nxh4 fxg4 34.
Nxg6 Rg8 35. Rh8 Rxh8 36. Nxh8 Rf6 37. Ng6 c5 38. Ne5 Rh6 39. Bf5 Ng7 40. Bxg4
cxd4 41. exd4 Nh5 42. Bxh5 Rxh5 43. f4 Kc7 44. Rc1+ Kb6 45. Rc8 Rh7 46. Rd8 Kc7
47. Rg8 Rh4 48. Rg7+ Kc8 49. Ng6 Rh5 50. Rf7 a5 51. Ne5 Rh4 52. Nd3 Rh5 53. Ne5
Rh4 54. Nd3 Rh5 55. Rg7 Rh4 56. Kf3 b5 57. Rg5 Rh3+ 58. Ke2 Rh2+ 59. Kd1 Rh1+
60. Kc2 Rh2+ 61. Kb1 Rh3 62. Kc2 Rh2+ 63. Kd1 Rh1+ 64. Ke2 Rh2+ 65. Kf3 Rh3+
66. Rg3 Rh2 67. Kg4 Re2 68. Kf5 Re4 69. Ne5 Rxd4 70. Ke6 Bc7 71. Rf3 Kb7 72.
Nd3 Kc6 73. Ne5+ 1/2-1/2

[Event "Turkish League 2012"]
[Site "?"]
[Date "2012.07.18"]
[Round "9"]
[White "Adams, Michael"]
[Black "Tregubov, Pavel"]
[Result "1-0"]
[WhiteElo "2723"]
[BlackElo "2595"]
[PlyCount "107"]
[EventDate "2012.??.??"]

1. e4 c5 2. Nf3 e6 3. g3 d5 4. exd5 exd5 5. d4 Nf6 6. Bg2 Be7 7. O-O O-O 8. Be3
cxd4 9. Nxd4 Nc6 10. h3 Be6 11. Nc3 Qd7 12. Nxe6 fxe6 13. Ne2 Rad8 14. c3 e5
15. Qc2 Kh8 16. Rad1 Qe8 17. f4 e4 18. b4 Rc8 19. Qb3 Bd8 20. c4 dxc4 21. Qxc4
Ne7 22. Qb3 Nf5 23. Bc5 Bb6 24. Bxb6 axb6 25. Nd4 Nxd4 26. Rxd4 Rc7 27. Re1 Qc8
28. g4 Rc3 29. Qd1 e3 30. g5 Ng8 31. Re4 Qc7 32. Qd4 h6 33. gxh6 Nxh6 34. R4xe3
Rxe3 35. Qxe3 Nf5 36. Qf3 Qd6 37. a3 Nh6 38. Re5 Qd4+ 39. Qe3 Qxe3+ 40. Rxe3
Rxf4 41. Bxb7 Nf5 42. Rf3 Rxf3 43. Bxf3 g5 44. a4 Nd4 45. Be4 Kg7 46. a5 bxa5
47. bxa5 Kf6 48. Kf2 Ke5 49. Ke3 Nb5 50. Kd3 Na7 51. Bf3 Nc8 52. Bb7 Na7 53.
Kc4 Kd6 54. a6 1-0

[Event "Turkish League 2012"]
[Site "?"]
[Date "2012.07.18"]
[Round "9"]
[White "Bologan, Viktor"]
[Black "Deviatkin, Andrei"]
[Result "1-0"]
[WhiteElo "2732"]
[BlackElo "2590"]
[PlyCount "77"]
[EventDate "2012.??.??"]

1. d4 d5 2. c4 c6 3. Nf3 Nf6 4. Ng1 Ng8 5. Nf3 Nf6 6. Qb3 dxc4 7. Qxc4 Bf5 8.
g3 e6 9. Bg2 Nbd7 10. O-O Be7 11. e3 O-O 12. Rd1 Qb8 13. h3 a5 14. Qe2 a4 15.
Nc3 Ne4 16. Nd2 Nxd2 17. Bxd2 Re8 18. e4 Bg6 19. Be3 a3 20. b3 Bb4 21. Rac1 h6
22. Na4 Nf6 23. Bf4 Qa7 24. Nc5 Rad8 25. Bc7 Rc8 26. Be5 b6 27. Nd3 Be7 28.
Bxf6 Bxf6 29. e5 Bg5 30. Rxc6 Qa6 31. h4 Be7 32. d5 exd5 33. Rxg6 fxg6 34.
Bxd5+ Kh8 35. Qe4 g5 36. Qg6 Red8 37. Be4 Kg8 38. Qh7+ Kf8 39. Bg6 1-0

[Event "Turkish League 2012"]
[Site "?"]
[Date "2012.07.18"]
[Round "9"]
[White "Nielsen, Peter Heine"]
[Black "Polgar, Judit"]
[Result "1/2-1/2"]
[WhiteElo "2665"]
[BlackElo "2709"]
[PlyCount "35"]
[EventDate "2012.??.??"]

1. Nf3 Nf6 2. c4 e6 3. g3 b6 4. Bg2 Bb7 5. d4 Bb4+ 6. Bd2 a5 7. O-O Na6 8. Bf4
Be7 9. Nc3 O-O 10. a3 Ne4 11. Nb5 c6 12. Nc3 d5 13. cxd5 cxd5 14. Rc1 Nxc3 15.
Rxc3 b5 16. Ne5 b4 17. axb4 Nxb4 18. Qd2 1/2-1/2

[Event "Turkish League 2012"]
[Site "?"]
[Date "2012.07.18"]
[Round "9"]
[White "Malakhov, Vladimir"]
[Black "Mamedov, Nidjat"]
[Result "1/2-1/2"]
[WhiteElo "2712"]
[BlackElo "2601"]
[PlyCount "93"]
[EventDate "2012.??.??"]

1. c4 g6 2. Nf3 Bg7 3. g3 e5 4. Bg2 Nc6 5. O-O d6 6. Nc3 Nf6 7. d4 O-O 8. dxe5
dxe5 9. Bg5 Be6 10. Qa4 h6 11. Rfd1 Qc8 12. Bxf6 Bxf6 13. Nd2 Nd4 14. Nde4 Be7
15. e3 Bd7 16. Qa5 Nc6 17. Nd5 Nxa5 18. Nxe7+ Kg7 19. Nxc8 Bxc8 20. b3 f5 21.
Nc3 e4 22. f3 exf3 23. Bxf3 Be6 24. Rd2 Rae8 25. Rad1 a6 26. Kf2 Bc8 27. Rd4 b6
28. c5 b5 29. Nd5 Rf7 30. Nb4 Rfe7 31. R1d3 Bb7 32. c6 Bc8 33. Rd5 Re6 34. Rc5
Kf8 35. Nc2 Ke7 36. Nd4 Rd6 37. Ke2 Kf6 38. Kd2 Red8 39. Be2 g5 40. Nc2 Be6 41.
Rxd6 Rxd6+ 42. Nd4 Bd5 43. Bd3 Nxc6 44. Nxc6 Bxc6 45. Rxf5+ Ke6 46. Rf8 Ke7 47.
Rf5 1/2-1/2

[Event "Turkish League 2012"]
[Site "?"]
[Date "2012.07.19"]
[Round "10"]
[White "Safarli, Eltaj"]
[Black "Adams, Michael"]
[Result "0-1"]
[WhiteElo "2625"]
[BlackElo "2723"]
[PlyCount "108"]
[EventDate "2012.??.??"]

1. e4 e5 2. Nf3 Nc6 3. Bb5 a6 4. Ba4 Nf6 5. O-O Be7 6. d3 b5 7. Bb3 d6 8. a4 b4
9. Nbd2 Na5 10. Ba2 O-O 11. h3 c5 12. Nc4 Nc6 13. Bg5 Rb8 14. Ne3 Ne8 15. Bxe7
Nxe7 16. Nh4 Nc7 17. f4 exf4 18. Rxf4 Be6 19. Nhf5 Nxf5 20. Nxf5 g6 21. Bxe6
Nxe6 22. Rg4 Kh8 23. Nh6 Rb7 24. Qf3 Nd4 25. Qf2 f5 26. exf5 gxf5 27. Rxd4 cxd4
28. Nxf5 Qf6 29. Qxd4 Qxd4+ 30. Nxd4 Rf4 31. Ne2 Rf5 32. Nd4 Rd5 33. c3 Kg8 34.
Rf1 Rf7 35. Rd1 bxc3 36. bxc3 Rc7 37. Ne2 Rc4 38. Kf2 Rxa4 39. d4 Rb5 40. Ke3
a5 41. Ke4 Ra2 42. Nf4 a4 43. c4 Rb4 44. Kd5 a3 45. Re1 Rc2 46. Kxd6 Rcxc4 47.
Re8+ Kg7 48. Ne6+ Kh6 49. Rf8 a2 50. Rf1 Kg6 51. Ke5 Rb5+ 52. d5 Rb1 53. Rf6+
Kh5 54. Ng7+ Kg5 0-1